Statistics for Countries with No "A" in the Name

Click here to take the quiz!

General Stats

  • This quiz has been taken 73 times
    (12 since last reset)
  • The average score is 25 of 30

Answer Stats

HintAnswer% Correct
AfricaTogo
100%
AfricaMorocco
100%
AfricaEgypt
100%
EuropeLiechtenstein
100%
EuropeGreece
89%
South AmericaPeru
89%
South AmericaChile
89%
North AmericaBelize
89%
North AmericaMexico
89%
EuropeLuxembourg
89%
OceaniaFiji
89%
AfricaDjibouti
89%
AfricaBenin
89%
AfricaNiger
89%
Asia | EuropeCyprus
78%
AsiaPhilippines
78%
AfricaComoros
78%
AsiaBrunei
78%
AsiaYemen
78%
EuropeBelgium
78%
EuropeKosovo
78%
AfricaSeychelles
78%
AfricaBurundi
78%
AfricaRepublic of the Congo
67%
AfricaLesotho
67%
Asia | EuropeTurkey
67%
EuropeSweden
67%
EuropeMontenegro
56%

Score Distribution

Percentile by Number Answered

Percent of People with Each Score

Your Score History

You have not taken this quiz since the last reset